[Event "2nd European Youth GP 2017"]
[Site "Jermuk"]
[Date "2017.10.05"]
[Round "1"]
[White "Hakobyan, Aram"]
[Black "Lobanov, Sergei"]
[Result "1-0"]
[WhiteElo "2457"]
[BlackElo "2457"]
[Annotator "TA"]
[PlyCount "73"]
[EventDate "2017.??.??"]
[EventType "tourn"]
[EventCountry "ARM"]
[SourceTitle "playchess.com"]
[Source "ChessBase"]
[SourceQuality "1"]

{[%evp 20,73,37,45,79,69,160,118,105,112,143,136,138,133,124,117,163,116,118,108,108,118,118,129,143,145,120,127,136,124,126,145,178,175,213,161,226,223,283,252,268,181,146,0,258,258,365,300,296,281,556,546,547,391,394,368]} 1. Nf3 Nf6 2. c4 e6 3. Nc3 d5 4. d4 Be7 5. Bf4 O-O 6. e3 b6 7. Bd3 Bb7 8. cxd5 exd5 9. O-O c5 10. Ne5 Nbd7 {D37: Queen's Gambit Declined: 5 Bf4} (10... Na6 11. Bb5 Qc8 12. Bg5 Rd8 13. Qa4 Nb8 14. f4 c4 15. Qd1 a6 16. Ba4 b5 17. Bc2 Qc7 18. Rf3 {1-0 (34) Andreikin,D (2720)-Johannessen,L (2503) Skopje 2015}) 11. Qf3 {LiveBook: 8 Games} Nxe5 12. dxe5 Ne8 (12... Ne4 $1 $14) 13. Bc4 Nc7 $146 ({Predecessor:} 13... dxc4 14. Qxb7 Nc7 15. Rad1 Qc8 16. Qc6 {1-0 (36) Popilski,G (2394)-Boruchovsky,A (2080) Petah Tiqwa 2008}) 14. Rfd1 dxc4 15. Qxb7 Qc8 16. Qc6 $1 Ne6 17. Qe4 a6 18. a4 Rb8 19. Qxc4 Qb7 20. Qe2 b5 21. axb5 axb5 22. Ra5 b4 23. Nd5 Rfd8 24. Qc4 $1 Bf8 25. Bg3 Rd7 26. e4 Rbd8 27. Bh4 Re8 (27... g5 {is a better defense.}) 28. Rda1 $18 Nc7 {[%cal Rc7d5]} 29. Ra7 Qc6 {[%cal Rc7d5]} 30. Bg3 $36 {[%mdl 2048] Nxc7 is the strong threat. Black is under strong pressure.} Red8 {[%cal Rc7d5] [#]} 31. Bh4 (31. Rd1 $1 $16) 31... Re8 $1 {[%cal Rc7d5] [#]} 32. f4 $1 {[%cal Bf2f4,Bf4f5][%mdl 32]} Ne6 (32... h6 {might work better.} 33. Nxb4 Qg6) 33. R7a6 Qb7 34. Bf2 Red8 $2 (34... Nc7 {was worth a try.} 35. Ra7 Qc6 36. Nxb4 Qb6) 35. f5 Nf4 {[%cal Rf4d5]} 36. Nxf4 Rd1+ 37. Be1 {Precision: White = 84%, Black = 38%.} 1-0

[Event "2nd European Youth GP 2017"]
[Site "Jermuk"]
[Date "2017.10.05"]
[Round "1"]
[White "Sargsyan, Shant"]
[Black "Pogosyan, Stefan"]
[Result "1-0"]
[WhiteElo "2431"]
[BlackElo "2368"]
[Annotator "TA"]
[PlyCount "105"]
[EventDate "2017.??.??"]
[EventType "tourn"]
[EventCountry "ARM"]
[SourceTitle "playchess.com"]
[Source "ChessBase"]
[SourceQuality "1"]

{[%evp 20,105,46,28,53,49,49,47,95,83,92,86,97,74,110,124,115,112,121,93,84,71,105,109,110,75,99,63,82,56,60,53,52,53,119,46,53,0,3,0,0,0,0,0,0,0,0,0,0,0,0,0,0,0,0,0,0,0,0,0,298,304,259,154,842,808,29964,29965,29965,29966,11429,29957,29967,29968,29966,29969,29969,29970,29969,29971,29971,29972,29968,29972,29977,29978,29986,29987]} 1. d4 Nf6 2. Nf3 e6 3. c4 c5 4. g3 cxd4 5. Nxd4 Nc6 6. Bg2 Bc5 7. Nb3 Be7 8. Nc3 {[%cal Bb1c3,Bc3b5,Bb5d6][%mdl 32]} O-O 9. O-O b6 10. Bf4 Ba6 11. Nb5 Ne8 {A33: Symmetrical English: 2 Nf3 Nf6 3 d4 cxd4 4 Nxd4 e6 5 Nc3 Nc6} 12. Qd2 Rc8 13. Rfd1 Nf6 $146 {White is slightly better.} ({Predecessor:} 13... d5 14. cxd5 exd5 15. Nc3 Nf6 16. Nxd5 Nxd5 17. Bxd5 Nb4 18. Bf3 Qxd2 19. Bxd2 {1-0 (36) Adhiban,B (2670)-Sundararajan,K (2426) Douglas 2017}) 14. Nd6 Rc7 15. Rac1 e5 {[#] aiming for ...Bxd6.} 16. Bg5 h6 17. Bxf6 $1 Bxf6 18. e3 Be7 19. c5 Qb8 20. h4 Nd8 21. Qd5 Ne6 22. Nf5 Bxc5 23. Qxe5 d6 24. Qe4 h5 25. Nxc5 dxc5 26. Qe5 Be2 (26... Bb7 $1 $14) 27. Rd2 ({White should try} 27. Rd5 $16) 27... Bg4 $14 28. Nd6 {Threatens to win with f3.} Rd8 29. f3 Rcd7 $1 30. Rcd1 f6 31. Qe4 Rxd6 32. Rxd6 Rxd6 33. Rxd6 Qxd6 34. fxg4 hxg4 35. Qxg4 Kf7 36. Kh2 Qe5 37. Qa4 a5 38. Qd7+ Kg6 39. Bd5 Nc7 $2 {[%mdl 8192]} (39... Nf8 $11 40. Qg4+ Kh7) 40. Bf7+ $18 Kh6 41. Qg4 (41. Qd3 $18 {[%csl Gf7][%cal Rd3g6]} f5 42. Qd8 Qxb2+ 43. Kh3) 41... Kh7 $2 (41... g5 $16) 42. Bg6+ Kh6 43. Bc2 {[%csl Gc2][%cal Rg4g6]} g5 44. Qd7 {[%csl Gc2][%cal Rd7h7]} f5 45. Bxf5 {[%csl Gf5][%cal Rd7h7]} Qxb2+ {White mates.} 46. Kh3 {[%csl Gf5][%cal Rd7h7]} g4+ 47. Bxg4 Qg7 48. Qd6+ Kh7 49. Bf5+ Kg8 50. Qd8+ Qf8 {[#]} 51. Bh7+ $1 {[%mdl 512]} Kg7 (51... Kxh7 52. Qxf8) 52. Qxc7+ Kh8 53. Bd3 {Precision: White = 82%, Black = 54%.} 1-0

[Event "2nd European Youth GP 2017"]
[Site "Jermuk"]
[Date "2017.10.05"]
[Round "1"]
[White "Pultinevicius, Paulius"]
[Black "Shevchenko, Kirill"]
[Result "0-1"]
[WhiteElo "2387"]
[BlackElo "2531"]
[Annotator "TA"]
[PlyCount "82"]
[EventDate "2017.??.??"]
[EventType "tourn"]
[EventCountry "ARM"]
[SourceTitle "playchess.com"]
[Source "ChessBase"]
[SourceQuality "1"]

{[%evp 21,82,9,14,16,41,14,42,40,43,36,58,-17,-3,-39,-41,-44,-43,-44,-47,-46,-35,-42,-36,-129,-130,-138,-139,-112,-98,-188,-188,-182,-175,-186,-141,-390,-396,-370,-206,-224,-170,-347,-341,-396,-360,-648,-540,-458,0,-1008,-492,-379,-223,-6029,-5724,-29974,-29977,-29974,-29972,-29969,-29970,-6199,-5273]} 1. c4 Nf6 2. Nc3 g6 3. d4 Bg7 4. e4 d6 5. Nf3 O-O 6. Be2 e5 7. O-O c6 8. Be3 exd4 9. Bxd4 Re8 10. Qc2 Qe7 {E94: Königsindisch (Klassisches System)} 11. Rad1 (11. Rfe1 Nbd7 12. Rad1 b6 13. Nd2 Bb7 14. f4 Nd5 15. Nf3 Bxd4+ 16. Rxd4 Nxf4 17. Qd2 Nxe2+ 18. Rxe2 Rad8 19. Rxd6 Ne5 20. Rxd8 Rxd8 {½-½ (40) Inarkiev,E (2675)-Mamedov,R (2642) Moscow 2015}) 11... Nbd7 {LiveBook: 20 Partien} 12. Nd2 a6 $146 {Die Stellung ist ausgeglichen.} ({Vorgänger:} 12... b6 13. Rfe1 Bb7 14. Bf1 Nc5 15. f3 Rad8 16. Bf2 Nfd7 17. Nb3 Ne6 18. Nd4 {½-½ (88) Quintiliano Pinto,R (2403)-Perez Ponsa,F (2540) Buenos Aires 2015}) 13. Rfe1 b5 14. a3 Bb7 15. b4 Rad8 16. Nb3 (16. cxb5 $14 axb5 17. Nb3) 16... c5 $11 17. bxc5 (17. Bxf6 $5 Nxf6 18. cxb5 $11) 17... dxc5 18. Bxf6 Qxf6 19. Nd5 Bxd5 20. Rxd5 Nb6 21. Rxd8 Rxd8 22. Nxc5 (22. g3 $15) 22... Nxc4 $17 23. Bxc4 bxc4 24. Qxc4 Qc6 {Und weiter mit ...Ld4 wäre nett.} 25. Qb4 (25. Qc1 $17) 25... Rc8 $19 {Weiss muss nun ...Lf8 beachten.} 26. Na4 {[#]} a5 $1 {[%cal Ba6a5,Ba5a4][%mdl 544]} 27. Qb3 {[#]} (27. Qxa5 Ra8) 27... Qxe4 $1 {[%cal Re4e1][%mdl 512]} 28. Rf1 $2 (28. Qd1 $17 {war einen Versuch wert.} Qc6 29. g3) (28. Rxe4 Rc1+) 28... Bd4 29. Nb2 Rc2 (29... Rc3 $142 30. Qb5 Rxa3) 30. Nd1 h5 31. h4 $2 (31. Ne3 Re2 32. Qd5 Qxd5 33. Nxd5) 31... a4 32. Qb1 Kg7 33. g3 $2 (33. Qb4) 33... Qd3 34. Kg2 Qe4+ $2 (34... Qb3 $19 35. Qxb3 axb3) 35. Kh2 $2 {[%mdl 8192] [#]} (35. Kg1 $11 Qd3 36. Kg2) 35... Be5 (35... Bxf2 $142 $1 {[%mdl 512]} 36. Qxc2 (36. Nxf2 Rxf2+) 36... Qxc2 37. Nxf2 Qb2) 36. Re1 Qf5 $40 {[%mdl 128] Schwarz riecht Blut.} ({Weniger gut wäre} 36... Qxe1 37. Qxc2 Bd4 38. Qxa4 $15) (36... Qd3 $142 {( -> ...Dxg3+)} 37. Rxe5 {[#]} Rxf2+ $1 {[%mdl 512]} 38. Nxf2 Qxb1) 37. Qb4 $2 (37. Qb6) 37... Rxf2+ 38. Nxf2 Qxf2+ 39. Kh1 Qf3+ 40. Kg1 Qxg3+ 41. Kf1 Bc3 {Precision: Weiß = 31%, Schwarz = 58%.} 0-1

[Event "2nd European Youth GP 2017"]
[Site "Jermuk"]
[Date "2017.10.05"]
[Round "1"]
[White "Kaasen, Tor Fredrik"]
[Black "Zarubitski, Viachaslau"]
[Result "0-1"]
[WhiteElo "2371"]
[BlackElo "2311"]
[Annotator "NA"]
[PlyCount "58"]
[EventDate "2017.??.??"]
[EventType "tourn"]
[EventCountry "ARM"]
[SourceTitle "playchess.com"]
[Source "ChessBase"]
[SourceQuality "1"]
[TimeControl "5400+30"]

1. d4 {[%emt 0:00:00]} d5 {[%emt 0:00:08]} 2. Bf4 {[%emt 0:00:04]} Nf6 {[%emt 0:00:10]} 3. e3 {[%emt 0:00:46]} c5 {[%emt 0:00:42]} 4. Nf3 {[%emt 0:00:33]} e6 {[%emt 0:00:58]} 5. Nbd2 {[%emt 0:01:03]} Nc6 {[%emt 0:00:33]} 6. c3 {[%emt 0:01:33]} Bd6 {[%emt 0:01:12]} 7. Bg3 {[%emt 0:00:48]} O-O {[%emt 0:00:26]} 8. Bd3 {[%emt 0:00:35]} Qe7 {[%emt 0:00:55]} 9. Qe2 Bxg3 {[%emt 0:14:19]} 10. hxg3 {[%emt 0:03:36]} e5 {[%emt 0:00:05]} 11. Nxe5 {[%emt 0:17:55]} Nxe5 12. Bxh7+ {[%emt 0:13:15]} Nxh7 {[%emt 0:00:39]} 13. Qh5 {[%emt 0:00:04]} Bf5 {[%emt 0:00:28]} 14. Qxf5 {[%emt 0:00:20]} Ng6 {[%emt 0:06:40]} 15. O-O-O Qe6 16. Qc2 {[%emt 0:22:14]} cxd4 {[%emt 0:02:06]} 17. exd4 {[%emt 0:01:59]} Rfe8 18. f4 {[%emt 0:09:26]} Qe3 {[%emt 0:06:35]} 19. Rh3 {[%emt 0:06:12]} Nf6 {[%emt 0:19:09]} 20. Qf5 {[%emt 0:10:44]} Ne4 21. Qh5 Rac8 {[%emt 0:04:46]} 22. g4 {[%emt 0:02:46]} Qxf4 {[%emt 0:13:54]} 23. Rf3 Qd6 24. Rh1 {[%emt 0:06:16]} Nxd2 {[%emt 0:01:27]} 25. Kxd2 {[%emt 0:00:18]} Re4 {[%emt 0:00:51]} 26. Qh7+ {[%emt 0:00:56]} Kf8 {[%emt 0:00:02]} 27. Rhf1 Rc7 {[%emt 0:00:23]} 28. g5 {[%emt 0:00:59]} Rh4 {[%emt 0:00:25]} 29. Rf6 gxf6 {[%emt 0:00:38]} 0-1

[Event "2nd European Youth GP 2017"]
[Site "Jermuk"]
[Date "2017.10.05"]
[Round "1"]
[White "Gharibyan, Mamikon"]
[Black "Nesterov, Arseniy"]
[Result "1-0"]
[WhiteElo "2346"]
[BlackElo "2350"]
[Annotator "NA"]
[PlyCount "79"]
[EventDate "2017.??.??"]
[EventType "tourn"]
[EventCountry "ARM"]
[SourceTitle "playchess.com"]
[Source "ChessBase"]
[SourceQuality "1"]
[TimeControl "5400+30"]

1. d4 {[%emt 0:00:00]} Nf6 {[%emt 0:00:07]} 2. Nf3 {[%emt 0:00:00]} e6 {[%emt 0:00:12]} 3. c4 {[%emt 0:00:53]} b6 {[%emt 0:00:15]} 4. g3 {[%emt 0:03:44]} Bb7 {[%emt 0:00:06]} 5. Bg2 {[%emt 0:01:39]} Be7 {[%emt 0:00:16]} 6. O-O {[%emt 0:02:13]} O-O {[%emt 0:00:12]} 7. Nc3 {[%emt 0:04:09]} Ne4 {[%emt 0:00:57]} 8. Qc2 {[%emt 0:02:19]} Nxc3 {[%emt 0:05:02]} 9. Qxc3 {[%emt 0:04:54]} c5 {[%emt 0:02:45]} 10. Rd1 {[%emt 0:14:46]} d6 {[%emt 0:10:36]} 11. Be3 {[%emt 0:11:58]} Nd7 {[%emt 0:05:23]} 12. Qc2 {[%emt 0:07:01]} Rb8 {[%emt 0:20:18]} 13. Rac1 {[%emt 0:09:52]} f5 {[%emt 0:17:26]} 14. Qa4 {[%emt 0:08:39]} a6 {[%emt 0:15:54]} 15. dxc5 {[%emt 0:02:32]} Nxc5 {[%emt 0:01:15]} 16. Qc2 {[%emt 0:01:19]} Be4 {[%emt 0:03:19]} 17. Qd2 {[%emt 0:00:42]} Qc8 {[%emt 0:09:59]} 18. Bg5 {[%emt 0:03:14]} Bxg5 {[%emt 0:01:01]} 19. Qxg5 {[%emt 0:00:17]} Qc7 {[%emt 0:04:19]} 20. b4 {[%emt 0:01:19]} Bxf3 {[%emt 0:00:35]} 21. exf3 {[%emt 0:02:07]} Nb7 {[%emt 0:00:21]} 22. Qe3 {[%emt 0:00:22]} e5 {[%emt 0:00:37]} 23. f4 {[%emt 0:00:30]} a5 {[%emt 0:00:32]} 24. a3 {[%emt 0:00:30]} axb4 {[%emt 0:00:04]} 25. axb4 {[%emt 0:00:02]} Kh8 {[%emt 0:00:55]} 26. Bd5 {[%emt 0:02:46]} Nd8 {[%emt 0:00:32]} 27. c5 {[%emt 0:01:59]} bxc5 {[%emt 0:00:22]} 28. bxc5 {[%emt 0:00:14]} e4 {[%emt 0:00:34]} 29. c6 {[%emt 0:01:24]} h6 {[%emt 0:00:28]} 30. Rd2 {[%emt 0:02:38]} Re8 {[%emt 0:00:37]} 31. Ra2 {[%emt 0:00:24]} Rb6 {[%emt 0:00:27]} 32. Ra8 {[%emt 0:00:20]} Re7 {[%emt 0:00:31]} 33. Rca1 {[%emt 0:01:15]} Kh7 {[%emt 0:00:32]} 34. R1a7 {[%emt 0:00:30]} Rb1+ {[%emt 0:00:01]} 35. Kg2 {[%emt 0:00:11]} Ne6 {[%emt 0:00:28]} 36. Bxe4 {[%emt 0:01:20]} Rb5 {[%emt 0:00:59]} 37. Rxc7 {[%emt 0:00:27]} Nxc7 {[%emt 0:00:06]} 38. Bxf5+ Rxf5 39. Qxe7 {[%emt 0:00:48]} Nxa8 {[%emt 0:00:32]} 40. Qd8 {[%emt 0:00:42]} 1-0

[Event "2nd European Youth GP 2017"]
[Site "Jermuk"]
[Date "2017.10.05"]
[Round "1"]
[White "Kacharava, Nikolozi"]
[Black "Shubin, Kirill"]
[Result "1-0"]
[WhiteElo "2206"]
[BlackElo "2359"]
[Annotator "NA"]
[PlyCount "67"]
[EventDate "2017.??.??"]
[EventType "tourn"]
[EventCountry "ARM"]
[SourceTitle "playchess.com"]
[Source "ChessBase"]
[SourceQuality "1"]
[TimeControl "5400+30"]

1. e4 {[%emt 0:00:00]} e6 {[%emt 0:00:17]} 2. d4 {[%emt 0:00:00]} d5 {[%emt 0:00:05]} 3. Nd2 {[%emt 0:00:18]} Be7 {[%emt 0:00:06]} 4. Bd3 {[%emt 0:01:06]} c5 {[%emt 0:00:11]} 5. dxc5 {[%emt 0:00:21]} Nf6 {[%emt 0:00:08]} 6. Qe2 {[%emt 0:00:51]} O-O {[%emt 0:00:13]} 7. Ngf3 {[%emt 0:00:41]} a5 {[%emt 0:00:13]} 8. O-O {[%emt 0:01:01]} Na6 {[%emt 0:00:07]} 9. e5 {[%emt 0:00:28]} Nd7 {[%emt 0:00:04]} 10. c4 {[%emt 0:00:24]} Naxc5 {[%emt 0:01:24]} 11. Bc2 {[%emt 0:00:24]} b6 {[%emt 0:00:49]} 12. Rd1 {[%emt 0:00:17]} Ba6 {[%emt 0:01:13]} 13. b3 {[%emt 0:00:30]} Nb8 {[%emt 0:10:37]} 14. Bb2 {[%emt 0:05:37]} Nc6 {[%emt 0:00:31]} 15. Rac1 {[%emt 0:02:01]} Qe8 {[%emt 0:08:32]} 16. Qe3 {[%emt 0:06:26]} h6 {[%emt 0:06:11]} 17. cxd5 {[%emt 0:07:29]} exd5 {[%emt 0:00:48]} 18. Nf1 {[%emt 0:04:58]} Ne6 {[%emt 0:03:30]} 19. Ng3 {[%emt 0:08:15]} Bc5 {[%emt 0:00:23]} 20. Qd2 {[%emt 0:06:00]} d4 {[%emt 0:05:42]} 21. Be4 {[%emt 0:06:16]} Rc8 {[%emt 0:00:41]} 22. a3 {[%emt 0:13:12]} Bb5 {[%emt 0:05:45]} 23. Nf5 {[%emt 0:05:51]} f6 {[%emt 0:00:39]} 24. Nd6 {[%emt 0:13:58]} Bxd6 {[%emt 0:00:09]} 25. exd6 {[%emt 0:00:08]} Qd7 {[%emt 0:00:59]} 26. a4 {[%emt 0:00:41]} Ba6 {[%emt 0:00:17]} 27. Ba3 {[%emt 0:00:21]} Bb7 {[%emt 0:04:08]} 28. Re1 {[%emt 0:01:15]} Ne5 {[%emt 0:04:21]} 29. Bxb7 {[%emt 0:02:48]} Qxb7 {[%emt 0:00:33]} 30. Nxd4 {[%emt 0:00:53]} Qd5 {[%emt 0:06:48]} 31. Rcd1 {[%emt 0:01:44]} Nc5 {[%emt 0:02:46]} 32. Bxc5 {[%emt 0:04:40]} Rxc5 {[%emt 0:00:22]} 33. f4 {[%emt 0:00:50]} Nd7 {[%emt 0:02:35]} 34. Ne6 {[%emt 0:00:51]} 1-0

[Event "2nd European Youth GP 2017"]
[Site "Jermuk"]
[Date "2017.10.05"]
[Round "2"]
[White "Shevchenko, Kirill"]
[Black "Kacharava, Nikolozi"]
[Result "1-0"]
[WhiteElo "2531"]
[BlackElo "2206"]
[Annotator "TA"]
[PlyCount "75"]
[EventDate "2017.??.??"]
[EventType "tourn"]
[EventCountry "ARM"]
[SourceTitle "playchess.com"]
[Source "ChessBase"]
[SourceQuality "1"]

{[%evp 24,75,36,12,68,62,91,71,62,56,60,54,126,134,139,142,141,139,147,142,147,133,137,134,168,166,179,172,269,285,260,258,233,185,1189,1178,1013,1015,1458,1437,29968,29968,29947,5731,29990,29991,29991,29983,29986,29988,29988,29989,29989,29973]} 1. d4 Nf6 2. c4 e6 3. g3 c5 4. d5 exd5 5. cxd5 d6 6. Nc3 g6 7. Bg2 Bg7 8. Nf3 O-O 9. O-O a6 10. a4 Nbd7 11. Bf4 Qe7 12. e4 {A63: Benoni (mit 7.g3)} (12. h3 Rb8 13. Qd3 Re8 14. Rfe1 Nh5 15. Bg5 Bf6 16. Bxf6 Nhxf6 17. e4 Nh5 18. Kh2 f6 19. Nd2 Ne5 20. Qe2 {0-1 (49) Sjugirov,S (2670)-Korobov,A (2708) Sochi 2015}) 12... Ng4 13. Bg5 {LiveBook: 7 Partien} Ndf6 (13... f6 $1 $11 14. Bc1 Nde5) 14. h3 $146 {Weiß steht etwas besser.} ({Vorgänger:} 14. Re1 h6 15. Bc1 Nh5 16. Qe2 Re8 17. Ra3 Rb8 18. h3 Ne5 19. Kh2 Nxf3+ 20. Bxf3 {0-1 (37) Wielsch,K-Zeller,F Bad Urach 1986}) 14... h6 15. Bd2 Ne5 16. Nxe5 Qxe5 17. a5 Nd7 {[#]} (17... Rb8 $14) 18. Na4 $1 $16 Rb8 19. Bc3 Qe7 20. Bxg7 Kxg7 {[#]} 21. b4 $1 cxb4 22. Qd4+ Nf6 23. f4 {[%mdl 1024] Weiss hat starke Kompensation.} Re8 {Schwarz plant ...Lxh3.} 24. Rfe1 Kh7 25. e5 Nd7 (25... dxe5 {war angesagt.} 26. fxe5 Nxd5) 26. e6 $18 ({Finger weg von} 26. Qxb4 $6 dxe5 27. Qxe7 Rxe7 $16) 26... Qf6 27. Qxb4 fxe6 {Falls Schwarz jetzt zu ...e5 käme, bestünde noch etwas Hoffnung.} 28. dxe6 Rxe6 $2 (28... Nc5) 29. Rxe6 Qxe6 30. Re1 Qf6 31. Nc3 Qf5 32. Re7+ Kg8 33. Nd5 Nc5 34. Qd4 {[%csl Ge7][%cal Rd4g7] Weiß setzt Matt.} Ne6 35. Qa7 Qb1+ 36. Kh2 Qc2 37. Qxb8 Nd4 38. Re3 {Precision: Weiß = 89%, Schwarz = 16%.} 1-0

[Event "2nd European Youth GP 2017"]
[Site "Jermuk"]
[Date "2017.10.05"]
[Round "2"]
[White "Lobanov, Sergei"]
[Black "Gharibyan, Mamikon"]
[Result "0-1"]
[WhiteElo "2457"]
[BlackElo "2346"]
[Annotator "TA"]
[PlyCount "60"]
[EventDate "2017.??.??"]
[EventType "tourn"]
[EventCountry "ARM"]
[SourceTitle "playchess.com"]
[Source "ChessBase"]
[SourceQuality "1"]

{[%evp 26,60,24,8,17,17,17,13,44,0,53,11,92,92,83,18,105,0,0,-43,-21,-103,-88,-395,-383,-1026,-1002,-1113,-1070,-29993,-29992,-29994,-29988,-29995,-1616,-29989,-29990]} 1. e4 e5 2. Nf3 Nc6 3. Bb5 a6 4. Ba4 Nf6 5. O-O Nxe4 6. d4 b5 7. Bb3 d5 8. dxe5 Be6 9. Nbd2 Be7 10. c3 O-O 11. Bc2 f5 12. exf6 Nxf6 13. Nb3 Bg4 {C83: Open Ruy Lopez: 9 c3 Be7} 14. Qd3 {LiveBook: 16 Games} Qd6 (14... Qd7 15. Nbd4 Nxd4 16. cxd4 Bxf3 17. Qxf3 g6 18. Qd3 Bd6 19. f3 Nh5 20. Bh6 Rf7 21. Qd2 {½-½ (54) Anton Guijarro,D (2627)-Vidit,S (2658) Martuni 2016}) 15. Nbd4 Nxd4 {The position is equal.} 16. Nxd4 {[#]} Rae8 $146 ({Predecessor:} 16... g6 17. Qg3 c5 18. Nb3 Qd7 19. Bg5 Bd6 20. Qh4 Ne4 21. Bxe4 dxe4 {0-1 (62) Swati,G (2238)-Becerra Rivero,J (2552) Minneapolis 2005}) 17. Be3 Qd7 (17... c5 $11 18. Nf5 Bxf5 19. Qxf5 Bd8) 18. a4 {[%cal Ra4b5]} Bd6 (18... c5 $11 19. Nf5 d4 20. Nxe7+ Qxe7 21. cxd4 c4) 19. axb5 $16 axb5 {Threatening ...c5.} 20. Ra7 (20. f3 $16 Bh5 21. Qd2) 20... Qf7 (20... Bh5 $11 {remains equal.}) 21. h3 ({And not} 21. Qxb5 Bd7 $17) (21. Nxb5 $16 Bxh2+ 22. Kxh2 Qh5+ 23. Kg1) 21... Qh5 $11 22. Bd1 {[#]} ({Avoid the trap} 22. Qxb5 $2 {[#]} Bxh3 $1 {[%mdl 512]} 23. Re1 Bd7 $19) 22... Rxe3 $1 {[%mdl 512]} 23. Qxe3 (23. fxe3 $11 {keeps the balance.} Qe5 24. Nf3 Bxf3 25. Rxf3) 23... Bxd1 $40 {[%mdl 128] Black attacks with force.} 24. Qd2 $2 {[%mdl 8192] [#]} (24. Qe6+ $17 Kh8 25. Qf5) 24... Bg4 $1 $19 {[%mdl 512]} 25. Re1 $2 {[#]} (25. Qd3) (25. hxg4 Qh2#) 25... Bxh3 $1 26. gxh3 Qxh3 27. Re3 Bh2+ 28. Kh1 Bg3+ 29. Kg1 Qh2+ 30. Kf1 Ne4 {Precision: White = 24%, Black = 59%.} 0-1

[Event "2nd European Youth GP 2017"]
[Site "Jermuk"]
[Date "2017.10.05"]
[Round "2"]
[White "Sargsyan, Shant"]
[Black "Hakobyan, Aram"]
[Result "1/2-1/2"]
[WhiteElo "2431"]
[BlackElo "2457"]
[Annotator "TA"]
[PlyCount "76"]
[EventDate "2017.??.??"]
[EventType "tourn"]
[EventCountry "ARM"]
[SourceTitle "playchess.com"]
[Source "ChessBase"]
[SourceQuality "1"]

{[%evp 20,76,15,7,19,0,0,0,0,0,4,0,0,0,10,0,0,-17,9,-11,0,0,25,54,52,14,52,22,29,-6,-6,-81,-75,-162,-92,-135,-113,-125,-114,-113,-112,-123,-104,-101,-102,-166,-135,-340,-141,-120,-153,-374,-358,-358,-318,-251,0,0,0]} 1. d4 Nf6 2. c4 e6 3. g3 Bb4+ 4. Nd2 d5 5. Bg2 O-O 6. Ngf3 b6 7. O-O Bb7 8. a3 Be7 9. cxd5 exd5 10. b4 {E16: Queen's Indian: 4 g3 Bb7 5 Bg2 Bb4+} Nbd7 (10... a5 11. b5 c6 12. bxc6 Nxc6 13. e3 b5 14. Ne5 Bd6 15. Bb2 a4 16. Qb1 Rb8 17. Bc3 Ba8 18. Nxc6 Bxc6 {½-½ (69) Wei,Y (2728)-Yu,Y (2749) Beijing 2017}) 11. Bb2 {LiveBook: 6 Games} Re8 12. Rc1 Bd6 13. e3 $146 ({Predecessor:} 13. Nh4 a6 14. Nf5 Bf8 15. Nc4 g6 {1-0 (31) Miedema,D (2394)-Sanijs,F (2042) Amsterdam 2013}) 13... Qe7 14. Qb3 c6 15. Bc3 Ne4 16. Nxe4 dxe4 17. Nd2 Nf6 $1 {[%cal Bd7f6,Bf6d5,Bd5f4,Bf4h3,Bh3g5,Bg5e4][%mdl 32]} 18. Rfe1 Rad8 19. f3 {Strongly threatening fxe4.} exf3 20. Bxf3 Nd5 21. Bb2 Qg5 ({Don't go for} 21... Nxe3 $2 22. Rc3 $18) 22. Nf1 $1 Bb8 23. e4 Nf4 24. Rcd1 Qg6 25. Qe3 {[#]} (25. h4 $11 {remains equal.}) 25... c5 $1 {[%mdl 512]} 26. bxc5 (26. e5 $17 {is a better defense.} Nh3+ 27. Kh1 cxd4 28. Rxd4 Bxf3+ 29. Qxf3) 26... bxc5 (26... Nh3+ $19 27. Kg2 Ng5) 27. dxc5 Nh3+ 28. Kh1 Rxd1 29. Rxd1 Ng5 30. Bg2 Nxe4 {Threatens to win with ...Bc6.} 31. Kg1 h5 32. Re1 (32. Qb3 $17 Bc6 33. Qf3) 32... Bc6 33. Qd4 $2 (33. Qf3 $17 {might work better.}) 33... h4 (33... Be5 $19 {and Black stays clearly on top.} 34. Qb4 {[#]} a5 $1 {[%mdl 512]}) 34. Bxe4 $17 Bxe4 35. Rxe4 $2 (35. Re2 $17) 35... Rxe4 $19 36. Qd8+ Kh7 {[%cal Rh4g3]} 37. Qxb8 Re2 $2 ({Black should play} 37... Qf5 $19 38. Qd6 Qf3) 38. Qb4 $11 h3 {Precision: White = 32%, Black = 49%.} 1/2-1/2

[Event "2nd European Youth GP 2017"]
[Site "Jermuk"]
[Date "2017.10.05"]
[Round "2"]
[White "Pogosyan, Stefan"]
[Black "Zarubitski, Viachaslau"]
[Result "1-0"]
[WhiteElo "2368"]
[BlackElo "2311"]
[Annotator "NA"]
[PlyCount "65"]
[EventDate "2017.??.??"]
[EventType "tourn"]
[EventCountry "ARM"]
[SourceTitle "playchess.com"]
[Source "ChessBase"]
[SourceQuality "1"]
[TimeControl "5400+30"]

1. d4 {[%emt 0:00:00]} d5 {[%emt 0:00:11]} 2. c4 {[%emt 0:00:00]} c6 {[%emt 0:00:06]} 3. Nf3 {[%emt 0:00:00]} Nf6 {[%emt 0:00:07]} 4. Qc2 {[%emt 0:00:00]} dxc4 {[%emt 0:00:14]} 5. Qxc4 {[%emt 0:00:14]} Bf5 {[%emt 0:00:10]} 6. Nc3 {[%emt 0:00:14]} Nbd7 {[%emt 0:00:59]} 7. g3 {[%emt 0:00:25]} e6 {[%emt 0:01:12]} 8. Bg2 {[%emt 0:00:12]} Be7 {[%emt 0:00:31]} 9. O-O {[%emt 0:00:07]} O-O {[%emt 0:00:08]} 10. Re1 {[%emt 0:01:00]} Ne4 {[%emt 0:00:14]} 11. Bf4 {[%emt 0:00:46]} Qb6 {[%emt 0:09:42]} 12. Qb3 {[%emt 0:07:51]} Rfd8 {[%emt 0:19:49]} 13. Nh4 {[%emt 0:11:47]} Bxh4 {[%emt 0:15:53]} 14. gxh4 {[%emt 0:13:16]} Nxc3 {[%emt 0:15:08]} 15. bxc3 {[%emt 0:01:02]} e5 {[%emt 0:00:10]} 16. dxe5 {[%emt 0:08:08]} Be6 {[%emt 0:06:46]} 17. c4 {[%emt 0:15:50]} Qa6 {[%emt 0:06:22]} 18. Rac1 {[%emt 0:01:38]} Nf8 {[%emt 0:02:15]} 19. h5 {[%emt 0:07:40]} Rd4 {[%emt 0:01:28]} 20. Qg3 {[%emt 0:05:10]} h6 {[%emt 0:03:48]} 21. e3 {[%emt 0:06:02]} Rxc4 {[%emt 0:00:05]} 22. Bf1 {[%emt 0:00:07]} Kh8 {[%emt 0:00:18]} 23. Bxc4 {[%emt 0:07:32]} Bxc4 {[%emt 0:00:01]} 24. Kh1 {[%emt 0:00:01]} Ne6 {[%emt 0:01:46]} 25. Bxh6 {[%emt 0:04:39]} gxh6 {[%emt 0:04:47]} 26. Qh4 {[%emt 0:00:06]} Bd3 {[%emt 0:01:07]} 27. Qf6+ {[%emt 0:00:46]} Kg8 {[%emt 0:00:02]} 28. Rg1+ {[%emt 0:00:59]} Ng5 {[%emt 0:00:16]} 29. Rxg5+ {[%emt 0:01:06]} hxg5 {[%emt 0:00:08]} 30. h6 {[%emt 0:00:01]} Kf8 {[%emt 0:03:43]} 31. e6 {[%emt 0:00:10]} Be4+ 32. Kg1 Bg6 33. h7 1-0